Statistics for All Fortnite Weapons Chapter 1 Season 2

Click here to take the quiz!

General Stats

  • This quiz has been taken 19 times
  • The average score is 45 of 56

Answer Stats

Weapon TypeRarityAnswer% Correct
RifleCommonAssault Rifle
100%
RifleRareAssault Rifle
100%
RifleUncommonAssault Rifle
100%
RifleRareBurst AR
100%
RifleCommonBurst AR
100%
RifleUncommonBurst AR
100%
ShotgunUncommonPump
100%
ShotgunCommonPump
100%
RifleEpicScar
100%
RifleLegendaryScar
100%
ShotgunUncommonTactical
100%
ShotgunRareTactical
100%
ShotgunEpicTactical
100%
ConsumableCommonBandage
87%
PistolUncommonPistol
87%
PistolRarePistol
87%
PistolCommonPistol
87%
ConsumableCommonShield Potion
87%
SniperLegendaryBolt-Action Sniper
80%
SniperEpicBolt-Action Sniper
80%
SniperRareBolt-Action Sniper
80%
ConsumableLegendaryChug Jug
80%
TrapUncommonDamage Trap
80%
ExplosivesLegendaryGrenade Launcher
80%
ExplosivesEpicGrenade Launcher
80%
ExplosivesRareGrenade Launcher
80%
ExplosivesCommonGrenades
80%
ConsumableCommonMedkit
80%
ExplosivesLegendaryRocket Launcher
80%
ExplosivesEpicRocket Launcher
80%
ExplosivesRareRocket Launcher
80%
RifleEpicScoped AR
80%
RifleRareScoped AR
80%
ConsumableEpicSlurp Juice
80%
ConsumableUncommonSmall Shield Potion
80%
UtilityLegendaryBush
73%
TrapEpicLaunch Pad
73%
PistolRareRevolver
73%
PistolUncommonRevolver
73%
PistolCommonRevolver
73%
SniperEpicSemi-Automatic
73%
SniperLegendarySemi-Automatic
73%
SMGCommonSuppressed SMG
73%
SMGUncommonSuppressed SMG
73%
SMGRareSuppressed SMG
73%
SMGEpicTactical SMG
73%
SMGRareTactical SMG
73%
SMGUncommonTactical SMG
73%
PistolEpicSuppressed Pistol
67%
PistolLegendarySuppressed Pistol
67%
TrapRareCozy Campfire
60%
UtilityRareImpulse Grenade
60%
UtilityUncommonSmoke Grenade
60%
UtilityUncommonBoogie Bomb
53%
RifleLegendaryMinigun
47%
RifleEpicMinigun
47%

Score Distribution

Percentile by Number Answered

Percent of People with Each Score

Your Score History

You have not taken this quiz